000 01030nam a2200277Ia 4500
003 OSt
005 20221005111357.0
006 a|||||r|||| 00| 0
007 ta
008 221004b |||||||| |||| 00| 0 hin d
020 _a8170551420 (hbk)
_c200
024 _a17785
037 _b525, 21/03/2015, Vani Prakashan
_cTextual
040 _aCRL
_cCRL
_bhin
041 _2hin
_ahin
082 _aO168,3N12x, 152P2
100 _aमंटो, सआदत हसन
245 0 _aरोज़ एक कहानी
246 _aRoज़ ek kahānī
260 _aनई दिल्ली
_bवाणी प्रकाशन भारत
_c2002
300 _a176पृ0
_ccm.
650 _aउर्दू साहित्य
700 _a नरेन्द्र मोहन, संपा.
942 _hO168,3N12x, 152P2
_cTEXL
_2cc
999 _c1021654
_d1021654